[Event "DRAGHIEN  III"]
[Site "SchemingMind.com"]
[Date "2016.04.21"]
[Round "-"]
[White "Simon Green"]
[Black "Scooter"]
[Result "0-1"]
[WhiteCountry "ENG"]
[BlackCountry "USA"]
[WhiteElo "1621"]
[WhiteRD "55"]
[BlackElo "1731"]
[BlackRD "47"]
[GameID "398343"]

1. d4 Nf6 2. e3 g6 3. Bd3 Bg7 4. f4 O-O 5. Nf3 b6 6. O-O Bb7 7. Nbd2 Nd5 8. Qe1 d6 9. c3 Nd7 10. a3 c5
11. Bc2 cxd4 12. cxd4 Rc8 13. Bd3 N7f6 14. h3 Nd7 15. Bc4 N7f6 16. Ng5 Re8 17. e4 Nc7 18. Bxf7+ Kh8 19. Bxe8 Qxe8 20. d5 Ba6
21. Rf2 e6 22. dxe6 Nxe6 23. Ndf3 Nxg5 24. fxg5 Nxe4 25. Qe2 Bxe2 26. Rxe2 d5 27. Be3 Ng3 28. Ree1 Qb5 29. Rab1 Rc2 30. Nd4 Ne2+
31. Rxe2 Qd3 32. Rxc2 Qxe3+ 33. Kf1 Qd3+ 34. Re2 Qxb1+ 35. Kf2 Bxd4+ 36. Kf3 Qf5+
0-1

[Event "DRAGHIEN  III"]
[Site "SchemingMind.com"]
[Date "2016.04.26"]
[Round "-"]
[White "Scooter"]
[Black "emvarela"]
[Result "1/2-1/2"]
[WhiteCountry "USA"]
[BlackCountry "ARG"]
[WhiteElo "1777"]
[WhiteRD "56"]
[BlackElo "1712"]
[BlackRD "48"]
[GameID "398528"]

1. d4 Nf6 2. Nf3 g6 3. Bf4 Bg7 4. e3 d6 5. Be2 O-O 6. O-O c5 7. c3 cxd4 8. cxd4 Qb6 9. b3 Nd5 10. Bg3 Nc6
11. Bc4 Nc7 12. Nbd2 Na5 13. Bd3 Bd7 14. Rc1 Rac8 15. Nc4 Nxc4 16. Bxc4 Bb5 17. Bxb5 Nxb5 18. Qd2 Rc6 19. Rxc6 bxc6 20. Rc1 Rc8
21. a4 Nc7 22. b4 Nd5 23. Rc4 c5 24. dxc5 dxc5 25. Qxd5 Rd8 26. Qxd8+ Qxd8 27. h3 Qd1+ 28. Kh2 Qxa4 29. Rxc5 Qxb4 30. Rc8+ Bf8
31. Bf4 Kg7 32. Ne5 Qb7 33. Rd8 f6 34. Nd7 g5 35. Bg3 a5 36. Nxf8 a4 37. Ne6+ Kf7 38. Nc5 Qc6 39. Nd3 a3 40. Nb4 Qe6
41. Rd2 Qb6 42. Na2 h5 43. h4 Kg6 44. hxg5 fxg5 45. Be5 g4 46. g3 Qe6 47. Bc3 Qe4 48. Bb4 Kg5 49. Bxa3 h4 50. gxh4+ Kxh4
51. Nc3 Qe5+ 52. Kg2 Qxc3 53. Bxe7+ Kh5 54. Rd5+ Kh6 55. Bg5+ Kg6 56. Bf4 Qc2 57. Rg5+ Kf6 58. Rxg4 Qd1 59. Rh4 Kf5 60. Kg3 Qd7
61. Rh5+ Ke4 62. Re5+ Kd3 63. Kf3 Qh3+ 64. Bg3 Qh1+ 65. Kg4 Ke2 66. Kf5 Qf3+ 67. Ke6 Qc6+ 68. Kf7 Qd7+ 69. Kf6 Qd6+=
1/2-1/2

[Event "DRAGHIEN  III"]
[Site "SchemingMind.com"]
[Date "2016.04.26"]
[Round "-"]
[White "emvarela"]
[Black "Simon Green"]
[Result "0-1"]
[WhiteCountry "ARG"]
[BlackCountry "ENG"]
[WhiteElo "1693"]
[WhiteRD "50"]
[BlackElo "1600"]
[BlackRD "58"]
[GameID "398529"]

1. e4 e6 2. d4 d5 3. exd5 exd5 4. Nf3 Nf6 5. Be3 Nc6 6. c3 Be7 7. Bb5 Bd7 8. Bxc6 Bxc6 9. Nbd2 O-O 10. O-O Ne4
11. Nxe4 dxe4 12. Nd2 Bg5 13. Qg4 Bxe3 14. fxe3 Qd5 15. Rf5 Qe6 16. Rg5 Qxg4 17. Rxg4 f5 18. Rf4 g5 19. Rf2 Kg7 20. g3 h5
21. Raf1 Kg6 22. Nc4 Bb5 23. Ne5+ Kh6 24. c4 Be8 25. Rxf5 Rxf5 26. Rxf5 Bc6 27. Nxc6 bxc6 28. Re5 Rb8 29. b3 Kg6 30. Rxe4 Kf5
31. h3 Kxe4
0-1

[Event "DRAGHIEN  III"]
[Site "SchemingMind.com"]
[Date "2016.06.01"]
[Round "-"]
[White "Phillip Beckett"]
[Black "emvarela"]
[Result "0-1"]
[WhiteCountry "ENG"]
[BlackCountry "ARG"]
[WhiteElo "1562"]
[WhiteRD "52"]
[BlackElo "1712"]
[BlackRD "48"]
[GameID "399708"]

1. e4 e5 2. Nf3 Nc6 3. d4 exd4 4. Nxd4 Nxd4 5. Qxd4 Qf6 6. Be3 b6 7. Qxf6 Nxf6 8. Nd2 Bb7 9. f3 O-O-O 10. O-O-O Be7
11. Bc4 d5 12. exd5 Nxd5 13. Bf2 Bg5 14. h4 Bxd2+ 15. Rxd2 f6 16. Rhd1 Nf4 17. g3 Rxd2 18. Rxd2 Ng6 19. Be6+ Kb8 20. f4 Bc8
21. Bxc8 Kxc8 22. Re2 Kd7 23. Rd2+ Ke7 24. Re2+ Kf7 25. Be1 Rd8 26. Rd2 Rxd2 27. Bxd2 Ne7 28. Bb4 c5 29. Bc3 Nd5 30. Kd2 Ke6
31. Kd3 Nxc3 32. bxc3 b5 33. Ke4 f5+ 34. Kd3 Kd5 35. a3 c4+ 36. Ke3 a5 37. Kf3 Kc5 38. Ke3 g6 39. Kf3 b4 40. cxb4+ axb4
41. axb4+ Kxb4 42. Ke3 Kc3 43. h5 Kxc2
0-1

[Event "DRAGHIEN  III"]
[Site "SchemingMind.com"]
[Date "2016.05.28"]
[Round "-"]
[White "Scooter"]
[Black "Phillip Beckett"]
[Result "1/2-1/2"]
[WhiteCountry "USA"]
[BlackCountry "ENG"]
[WhiteElo "1761"]
[WhiteRD "49"]
[BlackElo "1549"]
[BlackRD "52"]
[GameID "399709"]

1. d4 d5 2. Nf3 Nf6 3. Bf4 e6 4. e3 c5 5. Bb5+ Bd7 6. Bxd7+ Nbxd7 7. c3 c4 8. O-O Nb6 9. h3 Bd6 10. Bxd6 Qxd6
11. Nbd2 O-O 12. Re1 a5 13. Qc2 a4 14. e4 dxe4 15. Nxe4 Nxe4 16. Qxe4 Qd5 17. Qe2 Nd7 18. Nd2 b5 19. Nf3 Rfe8 20. Ne5 Nxe5
21. Qxe5 Red8 22. Qxd5 Rxd5 23. Re5 Rad8 24. Rae1 Rxe5 25. Rxe5 Rd5 26. f4 Kf8 27. g4 Ke7 28. Rxd5 exd5 29. Kf2 Ke6 30. Kf3 f5
31. g5 g6 32. Ke3 Kd6 33. Kd2 Ke6= 34. Kc2 Kd6 35. b3 axb3+ 36. axb3 Kc6 37. bxc4 bxc4 38. Kb2 Kb5 39. Ka2 Ka4 40. Kb2 Kb5
41. Ka3 Ka5=
1/2-1/2

[Event "DRAGHIEN  III"]
[Site "SchemingMind.com"]
[Date "2016.05.30"]
[Round "-"]
[White "Phillip Beckett"]
[Black "Simon Green"]
[Result "0-1"]
[WhiteCountry "ENG"]
[BlackCountry "ENG"]
[WhiteElo "1549"]
[WhiteRD "51"]
[BlackElo "1600"]
[BlackRD "58"]
[GameID "399710"]

1. e4 e6 2. d4 d5 3. Nd2 Nf6 4. exd5 exd5 5. Ngf3 Bg4 6. Bd3 Bd6 7. O-O O-O 8. c3 Nbd7 9. Re1 c6 10. Nf1 Qc7
11. h3 Bxf3 12. Qxf3 Rae8 13. Bg5 Rxe1 14. Rxe1 Re8 15. Rxe8+ Nxe8 16. Qe2 Ndf6 17. Ng3 Bxg3 18. fxg3 Qxg3 19. Bd2 h6 20. Be1 Qf4
21. Bd2 Qd6 22. Qf3 a6 23. Bf4 Qe6 24. Qe3 Qxe3+ 25. Bxe3 g5 26. Kf2 Ng7 27. g4 Ne6 28. Kf3 Nd7 29. Bf5 Kg7 30. Bxe6 fxe6
31. Bf2 b5 32. h4 e5 33. hxg5 hxg5 34. Kg3 e4 35. Be3 Kg6 36. b3 a5 37. a3 Nf8 38. Bd2 Nd7 39. b4 a4 40. Be3 Nf8
41. Bd2 Ne6 42. Be3 Nc7 43. Kh3 Na8 44. Kg3 Nb6 45. Bc1 Nc4 46. Kf2 e3+ 47. Ke2 Kf6= 48. Bxe3 Nxa3 49. Bc1 Nc4 50. Kd3 a3
51. Kc2 a2 52. Bb2 Ne3+ 53. Kc1 Nxg4 54. Kc2 Kf5 55. Ba1 Ne3+
0-1

[Event "DRAGHIEN  III"]
[Site "SchemingMind.com"]
[Date "2016.06.05"]
[Round "-"]
[White "emvarela"]
[Black "kenneth m day"]
[Result "0-1"]
[WhiteCountry "ARG"]
[BlackCountry "USA"]
[WhiteElo "1712"]
[WhiteRD "48"]
[BlackElo "1724"]
[BlackRD "54"]
[GameID "399935"]

1. e4 e5 2. Nf3 Nc6 3. Bb5 d6 4. d4 exd4 5. Qxd4 Bd7 6. Bxc6 Bxc6 7. Nc3 Nf6 8. Bg5 Be7 9. O-O-O O-O 10. e5 dxe5
11. Qxd8 Rfxd8 12. Rxd8+ Rxd8 13. Rd1 Rxd1+ 14. Kxd1 h6 15. Bxf6 Bxf6 16. Ke2 e4 17. Nd2 Bxc3 18. bxc3 f5 19. Nb3 Bd5 20. Nd4 g6
21. a3 f4 22. f3 e3 23. Kd3 c5 24. Ne2 g5 25. c4 Bc6 26. Ng1 Kf7 27. g3 Kf6 28. g4 Ke5 29. c3 a6 30. Ke2 b5
0-1

[Event "DRAGHIEN  III"]
[Site "SchemingMind.com"]
[Date "2016.06.02"]
[Round "-"]
[White "Phillip Beckett"]
[Black "kenneth m day"]
[Result "0-1"]
[WhiteCountry "ENG"]
[BlackCountry "USA"]
[WhiteElo "1549"]
[WhiteRD "51"]
[BlackElo "1736"]
[BlackRD "54"]
[GameID "399936"]

1. e4 e5 2. Nf3 Nc6 3. Bb5 f5 4. Bxc6 dxc6 5. Nxe5 Nf6 6. d4 fxe4 7. O-O Bd6 8. Bg5 O-O 9. f3 Be7 10. fxe4 Nxe4
11. Bxe7 Qxe7 12. Nd2 Rxf1+ 13. Nxf1 Bf5 14. c3 Rf8 15. Ne3 Be6 16. Qe2 Rf2 17. Qxf2 Nxf2 18. Kxf2 Qf6+ 19. Kg1 Qg5 20. Re1 Bxa2
21. Nf3 Qf6 22. Ng4 Qd6 23. Ng5 Qd7 24. Ne5 Qf5 25. Nef3 Bf7 26. Re2 Bg6 27. Ne4 Qd5 28. Ng3 Qc4 29. Kf2 c5 30. Ne5 Qe6
31. Nxg6 Qxg6 32. dxc5 Qc6 33. b4 Qf6+ 34. Kg1 Qxc3 35. Re8+ Kf7 36. Re4 Qc1+ 37. Kf2 Qb2+ 38. Ne2 Qb1 39. Re3 Qxb4 40. Rc3 Qh4+
41. Kg1 Qe1#
0-1

[Event "DRAGHIEN  III"]
[Site "SchemingMind.com"]
[Date "2016.06.02"]
[Round "-"]
[White "Scooter"]
[Black "kenneth m day"]
[Result "0-1"]
[WhiteCountry "USA"]
[BlackCountry "USA"]
[WhiteElo "1745"]
[WhiteRD "53"]
[BlackElo "1705"]
[BlackRD "53"]
[GameID "399937"]

1. d4 d6 2. Nf3 Nf6 3. Bf4 g6 4. e3 Bg7 5. Be2 O-O 6. O-O Nbd7 7. Nbd2 b6 8. c4 Bb7 9. d5 Nh5 10. Rb1 Nxf4
11. exf4 e6 12. dxe6 fxe6 13. b3 Rxf4 14. g3 Rf7 15. h4 Qf6 16. Ng5 Re7 17. Bf3 Bxf3 18. Ndxf3 h6 19. Ne4 Qf5 20. Ned2 Rf8
21. Qe2 Nf6 22. Nd4 Qh3 23. Nc6 Ref7 24. Nf3 Ng4 25. Qxe6 Kh7
0-1

[Event "DRAGHIEN  III"]
[Site "SchemingMind.com"]
[Date "2016.06.03"]
[Round "-"]
[White "kenneth m day"]
[Black "Simon Green"]
[Result "1-0"]
[WhiteCountry "USA"]
[BlackCountry "ENG"]
[WhiteElo "1736"]
[WhiteRD "54"]
[BlackElo "1600"]
[BlackRD "58"]
[GameID "399938"]

1. f4 e6 2. e4 d5 3. Nc3 Nf6 4. e5 Nfd7 5. Nf3 c5 6. d4 Nc6 7. Be3 c4 8. Be2 Be7 9. Qd2 O-O 10. O-O-O a6
11. h4 f5 12. exf6 Nxf6 13. Ne5 Nxe5 14. fxe5 Nd7 15. g3 b5 16. Bg4 Nb6 17. Ne2 Bd7 18. Nf4 Qc8 19. Nh5 g6 20. Nf6+ Bxf6
21. exf6 Rxf6 22. Bg5 Rf7 23. Qe3 Qc6 24. Qe5 Raf8 25. h5 c3 26. b3 b4 27. hxg6
1-0

[Event "DRAGHIEN  III"]
[Site "SchemingMind.com"]
[Date "2016.06.05"]
[Round "-"]
[White "emvarela"]
[Black "ray winteringham"]
[Result "1-0"]
[WhiteCountry "ARG"]
[BlackCountry "ENG"]
[WhiteElo "1693"]
[WhiteRD "50"]
[BlackElo "1490"]
[BlackRD "52"]
[GameID "400032"]

1. e4 e5 2. Nf3 Nc6 3. Bb5 Bc5 4. O-O a6 5. Bxc6 bxc6 6. d4 exd4 7. Nxd4 Bb7 8. Nb3 Qf6 9. Nxc5 Bc8 10. Nc3 d6
11. Nd3 Ne7 12. Bd2 O-O 13. Qe2 Qg6 14. Nf4 Qf6 15. Rfe1 Ng6 16. Nxg6 Qxg6 17. Qf3 Be6 18. Ne2 f5 19. exf5 Rxf5 20. Qg3 Qf6
21. Bc3 Qf7 22. Nd4 Rf6 23. Nxe6 Rxe6 24. Rxe6 Rf8 25. Rae1 g6 26. Re7 Qxa2 27. Rxh7 Rxf2 28. Qxg6+ Kf8 29. Re8#
1-0

[Event "DRAGHIEN  III"]
[Site "SchemingMind.com"]
[Date "2016.06.05"]
[Round "-"]
[White "ray winteringham"]
[Black "Phillip Beckett"]
[Result "0-1"]
[WhiteCountry "ENG"]
[BlackCountry "ENG"]
[WhiteElo "1491"]
[WhiteRD "56"]
[BlackElo "1549"]
[BlackRD "52"]
[GameID "400033"]

1. e4 e5 2. Nf3 Nc6 3. Bb5 a6 4. Bc4 Nf6 5. Ng5 Bc5 6. Bxf7+ Ke7 7. Qe2 Rf8 8. Bh5 Nd4 9. Qd1 d6 10. d3 Nxc2+
11. Qxc2 Nxh5 12. Nxh7 Rxf2 13. Qd1 Nf4 14. g3 Re2+ 15. Kf1 Bh3#
0-1

[Event "DRAGHIEN  III"]
[Site "SchemingMind.com"]
[Date "2016.06.05"]
[Round "-"]
[White "ray winteringham"]
[Black "Scooter"]
[Result "0-1"]
[WhiteCountry "ENG"]
[BlackCountry "USA"]
[WhiteElo "1491"]
[WhiteRD "56"]
[BlackElo "1761"]
[BlackRD "49"]
[GameID "400034"]

1. e4 c6 2. d4 d5 3. e5 Bf5 4. c3 e6 5. Bd3 Bxd3 6. Qxd3 Nd7 7. Nf3 c5 8. O-O cxd4 9. cxd4 g6 10. Nc3 Bg7
11. Bg5 Ne7 12. h3 O-O 13. Nh2 h6 14. Bh4 Re8 15. a3 a6 16. f4 b5 17. b4 Nb6 18. g4 Rc8 19. g5 h5 20. Bg3 Nf5
21. h4 Rc4 22. Nf3 Nxg3 23. Rf2 Qc7 24. Rc1 Ne4 25. Rfc2 Rc8 26. Nxe4 Rxc2 27. Rxc2 Qxc2 28. Qxc2 Rxc2 29. Kf1 Nc4 30. Nc5 Nxa3
31. Nxa6 Bf8 32. Nc5 Bxc5 33. dxc5 Rc4
0-1

[Event "DRAGHIEN  III"]
[Site "SchemingMind.com"]
[Date "2016.06.05"]
[Round "-"]
[White "kenneth m day"]
[Black "ray winteringham"]
[Result "1-0"]
[WhiteCountry "USA"]
[BlackCountry "ENG"]
[WhiteElo "1716"]
[WhiteRD "52"]
[BlackElo "1491"]
[BlackRD "56"]
[GameID "400035"]

1. e4 e5 2. f4 exf4 3. Nf3 d6 4. d4 Bd7 5. Bxf4 Be7 6. Nc3 Nf6 7. Bd3 O-O 8. Qe2 Re8 9. O-O-O b6 10. h3 h6
11. g4 Nh7 12. Rdg1 g5 13. Bd2 Bf6 14. Qg2 Be7 15. h4 f6 16. hxg5 fxg5 17. Rxh6 Kg7 18. Rgh1 Rh8 19. Nd5 Be6 20. Nxe7 Qxe7
21. e5 Nd7 22. Rxh7+
1-0

[Event "DRAGHIEN  III"]
[Site "SchemingMind.com"]
[Date "2016.06.05"]
[Round "-"]
[White "Simon Green"]
[Black "ray winteringham"]
[Result "1-0"]
[WhiteCountry "ENG"]
[BlackCountry "ENG"]
[WhiteElo "1593"]
[WhiteRD "62"]
[BlackElo "1505"]
[BlackRD "53"]
[GameID "400036"]

1. d4 d5 2. e3 e6 3. Bd3 Bd6 4. f4 Ne7 5. Nf3 Bd7 6. O-O h6 7. Nbd2 c5 8. c3 c4 9. Bc2 O-O 10. Ne5 Nbc6
11. Ndf3 b5 12. Qe1 a6 13. Bd2 Nxe5 14. fxe5 Bc7 15. e4 Bc6 16. exd5 Nxd5 17. Qg3 g5 18. Nxg5 Kh8 19. Nxf7+ Rxf7 20. Rxf7 Qg8
21. Rh7+ Qxh7 22. Bxh7 Kxh7 23. Rf1 Rg8 24. Rf7+ Kh8 25. Qh4 Rg6 26. Rxc7 Nxc7 27. Qd8+ Rg8 28. Qxc7 Bxg2 29. Kf2 Bd5 30. Bxh6 Rg2+
31. Kf1 Rg6 32. Bf4 Rg7 33. Qc8+ Kh7 34. Qxa6 Rf7 35. Ke2 Rxf4 36. Qxb5 Rh4 37. Qd7+ Kg6 38. Qe8+ Kf5 39. Qf7+ Kg5 40. Qf6+ Kh5
41. Qf2 Rg4 42. Kd1 Rg2 43. Qf7+ Kg4 44. Qg6+ Kf3 45. Qh5+ Kf2 46. Qe2+
1-0

[Event "DRAGHIEN  III"]
[Site "SchemingMind.com"]
[Date "2016.06.20"]
[Round "-"]
[White "echecs"]
[Black "ray winteringham"]
[Result "1-0"]
[WhiteCountry "ENG"]
[BlackCountry "ENG"]
[WhiteElo "1841"]
[WhiteRD "63"]
[BlackElo "1505"]
[BlackRD "53"]
[GameID "400593"]

1. e4 e5 2. Nf3 Nc6 3. Bc4 h6 4. d4 exd4 5. Nxd4 Bc5 6. Nb3 Bb6 7. Nc3 Nf6 8. O-O d6 9. h3 Be6 10. Bd3 O-O
11. Na4 Ne7 12. Nxb6 axb6 13. a3 Bxb3 14. cxb3 Nd7 15. f4 f6 16. Qg4 Qe8 17. Qg3 f5 18. Re1 Rf6 19. exf5 Qf8 20. Re6 Nxf5
21. Bxf5 Rxf5 22. Rxh6 Qf7 23. Bd2 Rf6 24. Rh4 Rg6 25. Qc3 Qe7 26. Qc4+ Qe6 27. Re1 Qxc4 28. bxc4 Kf7 29. Bc3 Nc5 30. f5 Rh6
31. Rg4 Rg8 32. Re3 Re8 33. Rxe8 Kxe8 34. Bxg7 Rh7 35. f6 Kf7 36. Kf2 Nd3+ 37. Ke3 Nxb2 38. Re4 Na4 39. Re7+ Kg6 40. f7 Kxg7
41. f8=Q+ Kxf8 42. Rxh7 Nc5 43. Rxc7 Ke8 44. Rh7 Nd7 45. g4 Kd8 46. g5 Ne5 47. h4 Nxc4+ 48. Kd4 b5 49. g6
1-0

[Event "DRAGHIEN  III"]
[Site "SchemingMind.com"]
[Date "2016.06.23"]
[Round "-"]
[White "emvarela"]
[Black "echecs"]
[Result "0-1"]
[WhiteCountry "ARG"]
[BlackCountry "ENG"]
[WhiteElo "1719"]
[WhiteRD "51"]
[BlackElo "1819"]
[BlackRD "76"]
[GameID "400596"]

1. e4 e5 2. Nf3 Nc6 3. Bb5 Nf6 4. O-O d6 5. Bxc6+ bxc6 6. Nc3 Be7 7. d4 exd4 8. Nxd4 Bd7 9. Be3 O-O 10. Qd2 a6
11. h3 c5 12. Nb3 Bc6 13. f3 Nd7 14. Na5 Bb5 15. Nxb5 axb5 16. Nc6 Qe8 17. Nxe7+ Qxe7 18. a3 Ne5 19. b3 Qf6 20. a4 b4
21. Rfd1 Qg6 22. Qf2 f5 23. exf5 Rxf5 24. f4 Nd7 25. g4 Raf8 26. Kh2 R5f7 27. f5 Qf6 28. a5 Ne5 29. a6 Nc6 30. Qf3 Ne5
31. Qd5 Qh4 32. Rg1 h5 33. Rg3 hxg4 34. a7 Kh7 35. a8=Q Rxa8 36. Rxa8 gxh3 37. f6 Ng4+ 38. Rxg4 Qxg4 39. Qg5 Qe2+ 40. Kxh3 Qf1+
41. Qg2 Qxf6 42. Qe4+ g6 43. Qh4+ Qxh4+ 44. Kxh4 Re7 45. Bg5 Re2 46. Ra7 Rxc2 47. Rxc7+ Kg8 48. Rd7 Rb2 49. Rxd6 Rxb3 50. Rxg6+ Kf7
51. Rf6+ Ke8 52. Rc6 Rc3 53. Bf4 b3 54. Rc8+ Kd7 55. Rc7+ Ke6 56. Rb7 c4 57. Kg5 Rc2 58. Rb6+ Kd5 59. Kf5 b2 60. Be3 c3
61. Rb5+ Kc4
0-1

[Event "DRAGHIEN  III"]
[Site "SchemingMind.com"]
[Date "2016.06.20"]
[Round "-"]
[White "echecs"]
[Black "Phillip Beckett"]
[Result "1-0"]
[WhiteCountry "ENG"]
[BlackCountry "ENG"]
[WhiteElo "1841"]
[WhiteRD "63"]
[BlackElo "1572"]
[BlackRD "52"]
[GameID "400597"]

1. e4 e5 2. Nf3 Nc6 3. Bc4 Nf6 4. Ng5 Bc5 5. O-O O-O 6. Nc3 d6 7. Nf3 h6 8. Be2 Nh7 9. d3 Nd4 10. Nxd4 Bxd4
11. a4 Qh4 12. Nb5 Qd8 13. Nxd4 exd4 14. Bg4 Bxg4 15. Qxg4 Nf6 16. Qg3 Kh7 17. f4 c5 18. f5 Ng8 19. Bf4 d5 20. Bd6 Re8
21. e5 Ne7 22. Bxc5 Qc7 23. Bxd4 Ng8 24. c3 f6 25. Qg6+ Kh8 26. exf6 Nxf6 27. Bxf6 gxf6 28. Qxh6+ Kg8 29. Rf3 Qh7 30. Rg3+
1-0

[Event "DRAGHIEN  III"]
[Site "SchemingMind.com"]
[Date "2016.06.20"]
[Round "-"]
[White "echecs"]
[Black "Scooter"]
[Result "1-0"]
[WhiteCountry "ENG"]
[BlackCountry "USA"]
[WhiteElo "1841"]
[WhiteRD "63"]
[BlackElo "1745"]
[BlackRD "53"]
[GameID "400598"]

1. e4 c6 2. d4 d5 3. Nc3 dxe4 4. Nxe4 Bf5 5. Ng3 Bg6 6. h4 h6 7. h5 Bh7 8. Nf3 Nd7 9. Bd3 Bxd3 10. Qxd3 Qc7
11. Bd2 O-O-O 12. O-O-O Ngf6 13. Rh4 e6 14. Qc4 Nd5 15. Ne4 N7b6 16. Qb3 Be7 17. Rhh1 Nf4 18. g3 Ne2+ 19. Kb1 Nxd4 20. Nxd4 Rxd4
21. Bf4 Rxd1+ 22. Rxd1 e5 23. Be3 f6 24. Qf7 Bf8 25. Qe6+ Kb8 26. Bxb6 axb6 27. Qe8+ Ka7 28. Rd8 b5 29. Ra8+ Kb6 30. Qe6 b4
31. Qb3 Qd7 32. a3 Qd1+ 33. Ka2 Qd5 34. Qxd5 cxd5 35. Nd6 bxa3 36. bxa3 g5 37. hxg6 Bg7 38. Rxh8 Bxh8 39. Ne8
1-0

[Event "DRAGHIEN  III"]
[Site "SchemingMind.com"]
[Date "2016.06.19"]
[Round "-"]
[White "kenneth m day"]
[Black "echecs"]
[Result "1-0"]
[WhiteCountry "USA"]
[BlackCountry "ENG"]
[WhiteElo "1736"]
[WhiteRD "54"]
[BlackElo "1821"]
[BlackRD "66"]
[GameID "400599"]

1. e4 e5 2. f4 exf4 3. Nf3 d6 4. d4 g5 5. h4 f6 6. Bc4 Qe7 7. Nc3 Bg4 8. Qe2 Nd7 9. Bd2 O-O-O 10. O-O-O Bg7
11. Nd5 Qe8 12. Qd3 Ne7 13. Rde1 h6 14. Qa3 Kb8 15. Nxc7 Kxc7 16. Qxa7 Nc6 17. Ba5+ Nxa5 18. Qxa5+ Nb6 19. Rd1 Qxe4 20. Rhe1 Qc6
21. Bb5 Qd5 22. Rd3 Bd7 23. Re7 Qxb5 24. Qxb5
1-0

[Event "DRAGHIEN  III"]
[Site "SchemingMind.com"]
[Date "2016.06.20"]
[Round "-"]
[White "Simon Green"]
[Black "echecs"]
[Result "0-1"]
[WhiteCountry "ENG"]
[BlackCountry "ENG"]
[WhiteElo "1615"]
[WhiteRD "58"]
[BlackElo "1801"]
[BlackRD "68"]
[GameID "400600"]

1. d4 d5 2. e3 Nf6 3. Bd3 e6 4. f4 Nc6 5. Nf3 a6 6. O-O Be7 7. Nbd2 O-O 8. c3 Na7 9. Ne5 c5 10. Qe1 Nc6
11. Ndf3 Nd7 12. Nxc6 bxc6 13. Ne5 Bb7 14. b3 cxd4 15. exd4 c5 16. f5 exf5 17. Bxf5 Nxe5 18. Qxe5 Re8 19. Qg3 g6 20. Bd2 cxd4
21. cxd4 Bf6 22. Bc3 Bh4 23. Qg4 h5 24. Qf4 gxf5 25. Qxf5 Qe7 26. Bd2 Qe6 27. Qxh5 Bf6 28. Rf4 Re7 29. Rg4+ Kf8 30. Bb4 Ke8
31. Bxe7 Bxe7 32. Rg8+ Kd7 33. Rxa8 Bxa8 34. Qe5 Qxe5 35. dxe5 Ke6 36. Re1 d4 37. Kf2 Bg5 38. g3 Be3+ 39. Rxe3 dxe3+ 40. Kxe3 Kxe5
41. a4 Bd5 42. Kd3 Bxb3 43. a5 Kf5 44. h3 Bd5 45. Kd4 Bg2 46. h4 Kg4 47. Ke5 Kxg3 48. Kf6 Kxh4 49. Kxf7 Kg5 50. Ke6 Kf4
51. Kd6 Ke4 52. Kc5 Bf1
0-1

[Event "DRAGHIEN  III"]
[Site "SchemingMind.com"]
[Date "2016.06.23"]
[Round "-"]
[White "Wojtek26"]
[Black "emvarela"]
[Result "1/2-1/2"]
[WhiteCountry "POL"]
[BlackCountry "ARG"]
[WhiteElo "1571"]
[WhiteRD "51"]
[BlackElo "1693"]
[BlackRD "50"]
[GameID "400620"]

1. d4 Nf6 2. c4 g6 3. e3 c5 4. Nf3 cxd4 5. exd4 Bg7 6. Bd3 O-O 7. O-O d6 8. Re1 Nbd7 9. Bg5 Re8 10. Nc3 e5
11. dxe5 dxe5 12. Ne4 h6 13. Bh4 Qc7 14. Rb1 Nc5 15. Bxf6 Nxe4 16. Bxe4 Bxf6 17. Qc2 Kg7 18. Rbd1 Bg4 19. h3 Bxf3 20. Bxf3 Rad8
21. Be4 b6 22. b3 Rxd1 23. Rxd1 Rd8 24. Rxd8 Bxd8 25. Qd3 f5 26. Bd5=
1/2-1/2

[Event "DRAGHIEN  III"]
[Site "SchemingMind.com"]
[Date "2016.06.20"]
[Round "-"]
[White "echecs"]
[Black "Wojtek26"]
[Result "1-0"]
[WhiteCountry "ENG"]
[BlackCountry "POL"]
[WhiteElo "1841"]
[WhiteRD "63"]
[BlackElo "1588"]
[BlackRD "51"]
[GameID "400621"]

1. e4 e5 2. Nf3 Nc6 3. Bc4 Nf6 4. Ng5 d5 5. exd5 b5 6. Bf1 Nxd5 7. Bxb5 Bd7 8. Nxf7 Kxf7 9. Qf3+ Nf6 10. Bxc6 Bxc6
11. Qxc6 Bd6 12. Nc3 Rb8 13. d3 Rb6 14. Qf3 Re8 15. O-O Kg8 16. Bg5 Rxb2 17. Ne4 Rxc2 18. d4 Rb2 19. Nxf6+ Qxf6 20. Bxf6 gxf6
21. Qxf6 exd4 22. Qxd4 Ree2 23. Qxa7 Rbc2 24. Qa8+ Kg7 25. Qf3 Bc5 26. h4 Bb6 27. a4 Rxf2 28. Rxf2 Bxf2+ 29. Qxf2
1-0

[Event "DRAGHIEN  III"]
[Site "SchemingMind.com"]
[Date "2016.06.20"]
[Round "-"]
[White "Wojtek26"]
[Black "Phillip Beckett"]
[Result "1-0"]
[WhiteCountry "POL"]
[BlackCountry "ENG"]
[WhiteElo "1588"]
[WhiteRD "51"]
[BlackElo "1572"]
[BlackRD "52"]
[GameID "400622"]

1. d4 d5 2. c4 e6 3. e3 Nf6 4. c5 c6 5. Nf3 Nbd7 6. Be2 Be7 7. O-O O-O 8. Nbd2 Re8 9. b4 Bf8 10. Bb2 Ne4
11. Nxe4 a5 12. a3 dxe4 13. Nd2 f5 14. Bc4 Nf6 15. f3 Nd5 16. Bxd5 exd5 17. fxe4 axb4 18. axb4 fxe4 19. Rxa8 Qg5 20. Ra1 Bh3
21. Qe2 Bg4 22. Qf2 Be7 23. Qf7+ Kh8 24. Qxe8+
1-0

[Event "DRAGHIEN  III"]
[Site "SchemingMind.com"]
[Date "2016.06.20"]
[Round "-"]
[White "Wojtek26"]
[Black "Scooter"]
[Result "1-0"]
[WhiteCountry "POL"]
[BlackCountry "USA"]
[WhiteElo "1603"]
[WhiteRD "51"]
[BlackElo "1761"]
[BlackRD "49"]
[GameID "400623"]

1. d4 Nf6 2. c4 g6 3. Nf3 Bg7 4. e3 O-O 5. a3 d6 6. Be2 Bg4 7. h3 Bxf3 8. Bxf3 c6 9. O-O Nbd7 10. b4 e5
11. Re1 Re8 12. Bb2 exd4 13. exd4 d5 14. c5 Rxe1+ 15. Qxe1 Qe8 16. Nd2 Qxe1+ 17. Rxe1 Re8 18. Rxe8+ Nxe8 19. Bg4 Nef6 20. Bxd7 Nxd7
21. Nf3 h6 22. g3 Nf8 23. Kf1 Ne6 24. Ke2 g5 25. Kd3= b6 26. Nd2 bxc5 27. bxc5 Nxc5+ 28. dxc5 Bxb2 29. a4 Bc1 30. Nb3 Ba3
31. Na5 Bxc5 32. Nxc6 Bxf2 33. g4 Kg7 34. Ne7 f6 35. Nxd5 Kf7 36. Ke4 Ke6 37. Nc7+ Kd6 38. Ne8+ Ke7 39. Ng7 Kd7 40. Nf5 Bc5
41. Nxh6 Ba3 42. Kf5 Bb2 43. Ng8 Kd6 44. Nxf6 Bc1 45. Ne4+ Kc6 46. Nxg5 Kc5 47. h4 Kb4 48. h5 Kxa4 49. h6 Kb5 50. h7 Bb2
51. Ne4 a5 52. Nf6
1-0

[Event "DRAGHIEN  III"]
[Site "SchemingMind.com"]
[Date "2016.06.22"]
[Round "-"]
[White "kenneth m day"]
[Black "Wojtek26"]
[Result "1/2-1/2"]
[WhiteCountry "USA"]
[BlackCountry "POL"]
[WhiteElo "1736"]
[WhiteRD "54"]
[BlackElo "1571"]
[BlackRD "51"]
[GameID "400624"]

1. e4 e5 2. f4 exf4 3. Nf3 Bc5 4. d4 Bb4+ 5. Nc3 d6 6. Bxf4 Nf6 7. Bd3 O-O 8. Qd2 Bg4 9. O-O-O a5 10. a3 Bxc3
11. Qxc3 Nc6 12. h3 Bh5 13. g4 Bg6 14. Rde1 Re8 15. e5 Bxd3 16. Qxd3 dxe5 17. Nxe5 Nxe5 18. dxe5 Qxd3 19. cxd3 Nd5 20. Bd2 b6
21. d4 Rac8 22. Kb1 Re6 23. Rc1 h6=
1/2-1/2

[Event "DRAGHIEN  III"]
[Site "SchemingMind.com"]
[Date "2016.06.20"]
[Round "-"]
[White "ray winteringham"]
[Black "Wojtek26"]
[Result "0-1"]
[WhiteCountry "ENG"]
[BlackCountry "POL"]
[WhiteElo "1491"]
[WhiteRD "56"]
[BlackElo "1603"]
[BlackRD "51"]
[GameID "400625"]

1. e4 e5 2. Nf3 Nc6 3. Bb5 d6 4. d3 Nf6 5. h3 Bd7 6. O-O Be7 7. c4 a6 8. Ba4 Nd4 9. Bb3 O-O 10. Nxd4 exd4
11. Bf4 b5 12. Nd2 bxc4 13. Bxc4 c5 14. Bb3 Bb5 15. Bc4 Bxc4 16. Nxc4 d5 17. Nd2 dxe4 18. dxe4 Rb8 19. Bxb8 Qxb8 20. b3 Nd7
21. f3 Qg3 22. Qe2 Bd6 23. e5 Bxe5 24. Rab1 Qh2+ 25. Kf2 Bg3#
0-1